| 000 | 00437nam a22001457a 4500 | ||
|---|---|---|---|
| 003 | OSt | ||
| 005 | 20151101091916.0 | ||
| 008 | 151101b xxu||||| |||| 00| 0 eng d | ||
| 040 | _cRUA ឆេង 1989 B115 Or.1 | ||
| 100 |
_93103 _aឆេង គឹមស៊ុន |
||
| 245 | _aបញ្ហាព្រៃឈើ ខេត្តកំពង់ចាម | ||
| 260 |
_aPhnom Pemh _bRUA _c1989 |
||
| 300 |
_a37p. _bill. _c29cm. |
||
| 942 |
_2ddc _cFOR |
||
| 999 |
_c2892 _d2892 |
||